Lough and others v First SoS (Record no. 118207)
[ view plain ]
| 000 -LEADER | |
|---|---|
| fixed length control field | 02017cam a2200277 4500 |
| 001 - CONTROL NUMBER | |
| control field | ABS68368 |
| 008 - FIXED-LENGTH DATA ELEMENTS--GENERAL INFORMATION | |
| fixed length control field | 041021n2004 000 0 eng u |
| 035 ## - SYSTEM CONTROL NUMBER | |
| System control number | (Sirsi) u127787 |
| 245 ## - TITLE STATEMENT | |
| Title | Lough and others v First SoS |
| 260 ## - PUBLICATION, DISTRIBUTION, ETC. | |
| Date of publication, distribution, etc. | 2004 |
| 490 ## - SERIES STATEMENT | |
| Series statement | Weekly Law Reports |
| Volume/sequential designation | [2004] 1 WLR 2557-2576(20) |
| 520 ## - SUMMARY, ETC. | |
| Summary, etc. | [2004] EWCA Civ 905, 12 July 2004. L and others (members of an incorporated residents association) appealed against a planning inspector's decision to grant planning permission to a developer wishing to build a 20-storey building with mixed retail and restaurants on ground floor. The local authority had initially refused planning permission on the basis of loss of amenity to adjacent area and residents. This had been overturned by the planning inspector. L and others' appeal to the HC, to quash the planning permission on the grounds that the proposed development breached residents' rights of respect for their private and family life and homes under the Convention for the Protection of Human Rights and Fundamental Freedoms Art 8 and their rights to peaceful enjoyment of their possessions under the First Protocol Art 1, was refused. "Held" that the inspector had struck a balance between the requirements of Art 8 and a landowner's right to make use ofhis land. Inspector's decision upheld. CA dismissed appeal. |
| 590 ## - LOCAL NOTE (RLIN) | |
| Local note | ABS |
| 590 ## - LOCAL NOTE (RLIN) | |
| Local note | ABS |
| 650 ## - SUBJECT ADDED ENTRY--TOPICAL TERM | |
| Topical term or geographic name entry element | LOUGH AND OTHERS V FIRST SOS |
| 650 ## - SUBJECT ADDED ENTRY--TOPICAL TERM | |
| Topical term or geographic name entry element | PLANNING PERMISSION |
| 650 ## - SUBJECT ADDED ENTRY--TOPICAL TERM | |
| Topical term or geographic name entry element | LOSS OF AMENITY |
| 650 ## - SUBJECT ADDED ENTRY--TOPICAL TERM | |
| Topical term or geographic name entry element | CONVENTION FOR THE PROTECTION OF HUMAN RIGHTS AND FUNDAMENTAL FREEDOMS ART 8 |
| 650 ## - SUBJECT ADDED ENTRY--TOPICAL TERM | |
| Topical term or geographic name entry element | CONVENTION FOR THE PROTECTION OF HUMAN RIGHTS AND FUNDAMENTAL FREEDOMS FIRST PROTOCOL ART 1 |
| 650 ## - SUBJECT ADDED ENTRY--TOPICAL TERM | |
| Topical term or geographic name entry element | FAMILY LIFE |
| 650 ## - SUBJECT ADDED ENTRY--TOPICAL TERM | |
| Topical term or geographic name entry element | PRIVATE LIFE |
| 690 ## - LOCAL SUBJECT ADDED ENTRY--TOPICAL TERM (OCLC, RLIN) | |
| Topical term or geographic name as entry element | PLANNING-CASE LAW |
| 856 ## - ELECTRONIC LOCATION AND ACCESS | |
| Uniform Resource Identifier | <a href="https://www.bailii.org/ew/cases/EWCA/Civ/2004/905.html">https://www.bailii.org/ew/cases/EWCA/Civ/2004/905.html</a> |
| Public note | View judgment on the BAILII website... |
| 856 ## - ELECTRONIC LOCATION AND ACCESS | |
| Uniform Resource Identifier | <a href="https://www.bailii.org/ew/cases/EWCA/Civ/2004/905.html">https://www.bailii.org/ew/cases/EWCA/Civ/2004/905.html</a> |
| Public note | View judgment on the BAILII website... |
| 942 ## - ADDED ENTRY ELEMENTS (KOHA) | |
| Suppress in OPAC | 0 |
| Withdrawn status | Lost status | Source of classification or shelving scheme | Damaged status | Not for loan | Home library | Current library | Shelving location | Date acquired | Total Checkouts | Full call number | Barcode | Date last seen | Copy number | Price effective from | Koha item type |
|---|---|---|---|---|---|---|---|---|---|---|---|---|---|---|---|
| Dewey Decimal Classification | London | London | Journal article | 21/10/2004 | ABS68368 | 127787-1001 | 06/08/2019 | 1 | 06/08/2019 | Law report |